=LDR 00000nam 2200000 4500 =001 INLIS000000000023718 =005 20130612122343 =008 ***********************************Ind** =035 ##$$0010-061300000023718 =041 ##$$a Ind =082 ##$$a 332.7 =090 ##$$a 332.7, Fir m =100 ##$$a Firdaus, Rachmat =245 ##$$a Manajemen perkeriditan bank umum, Rachmat Firdaus =260 ##$$a 2004 $b Bandung =300 ##$$a 338 hlm, 24 cm =650 ##$$a kredit - manajemen =850 ##$$a NBPNMAT